| 000 | 00402nam a22001577a 4500 | ||
|---|---|---|---|
| 008 | 150518b xxu||||| |||| 00| 0 eng d | ||
| 020 | _a9780073404004 | ||
| 041 | 0 | _aeng | |
| 080 | _a721.053 | ||
| 100 | 1 | _aStuart, Iris, | |
| 245 |
_aAuditing and assurance services : _cIris Stuart. |
||
| 260 |
_aNew York. : _bMcGraw-Hill, _cc2012. |
||
| 300 |
_a435 f. ; _c29 cm. |
||
| 650 | _aAuditm | ||
| 942 |
_2udc _cBK |
||
| 999 |
_c805 _d805 |
||